000 01358nam0a2200361 i 4500
001 RU\NLR\bibl\1959325
005 20260503053659.0
010 _a9785432900173
_91000
021 _aRU
_b2012-74559
_95521
035 _a(nilc)RSL-KNO-005502412
035 _a(NLR Aleph) 001948359
090 _a3660761
_c3660761
100 _a20100531d2012 u y0rusy50 ca
101 0 _arus
102 _aRU
105 _aa zzzz|||||
200 1 _aБлокада в моей судьбе
_fБорис Тарасов
205 _a2-е изд.
210 _aМосква
_cСказочная дорога
_d2012
215 _a252, [1] с., [8] л. ил., портр.
_d21
320 _aБиблиогр.: с. 250
606 _aБлокада Ленинграда
_jВоспоминания, записки и т.п.
_z1941 - 1944
_92077679
_3RU\NLR\AUTH\661253360
686 _aТ3(2)722.721,013.1
_2rubbk
686 _aЦ35(2)722.11(2Р-4Ле-2Ленинград),013
_2rubbk
686 1 _aЦ35(2)722.11(2Р-4Ле-2Ленинград),013
686 1 _aТ3(2)722.721,013
700 1 _4070
_aТарасов
_bБ. В.
_cвоенный
_f1932-
_gБорис Васильевич
_9128094
_3RU\NLR\AUTH\770128120
801 0 _aRU
_bRuMoRKP
_c20100531
_grcr
801 1 _aRU
_bРГБ
_c20100531
801 2 _aRU
_bNLR
_c20121023
_grcr
942 _cBOOK
980 _aNBR